Hotel

Salvato in:
Dettagli Bibliografici
Autore principale: Homišanová, Lucia (Autore)
Altri autori: Menďan, Rastislav (Relatore della tesi)
Natura: Manoscritto Libro
Lingua:slovacco
Pubblicazione: 2020
Soggetti:
Accesso online:http://is.stuba.sk/zp/portal_zp.pl?podrobnosti=152135
https://opac.crzp.sk/?fn=detailBiblioForm&sid=F0D9EA643ED4040314EF1E1BE0B8
Tags: Aggiungi Tag
Nessun Tag, puoi essere il primo ad aggiungerne!!

MARC

LEADER 00000ntm a22000003a 4500
001 stuzp79531
003 SK-STU
005 20230516164626.7
007 ta
008 150427s2015----xo-----f-mn---000-0-slo-d
040 |a STU  |b slo 
041 0 |a slo 
100 1 |a Homišanová, Lucia  |u 010180  |4 aut  |U SvF Stavebná fakulta  |T SvF Katedra konštrukcií pozemných stavieb  |X 63215  |U V180  |Y 18  |7 63215 
242 0 1 |a Hotel  |y eng 
245 1 0 |a Hotel 
260 |c 2020 
650 4 |a hotel  |2 slo 
650 4 |a realizačný projekt  |2 slo 
650 4 |a optimalizácia obalových konštrukcií budovy  |2 slo 
650 4 |a normatívne požiadavky  |2 slo 
650 4 |a hotel  |2 eng 
650 4 |a realization project  |2 eng 
650 4 |a optimization of building envelope structures  |2 eng 
650 4 |a normative requirements  |2 eng 
700 1 |a Menďan, Rastislav  |u 010180  |k Z1  |4 ths  |U SvF Stavebná fakulta  |T SvF Katedra konštrukcií pozemných stavieb  |X 776  |U V180  |Y 18  |7 A000000776 
856 4 |u http://is.stuba.sk/zp/portal_zp.pl?podrobnosti=152135 
856 4 |u https://opac.crzp.sk/?fn=detailBiblioForm&sid=F0D9EA643ED4040314EF1E1BE0B8